000
00324nam a22001457a 4500
008
231124b ||||| |||| 00| 0 eng d
020
_a
9780335191956
041
_a
eng
080
_a
618
082
_a
618EVE
100
_a
15
101
_a
GJINEK
245
_a
MOTHERHOOD AND MODERNITY
_c
EVERINGHAM.CH
942
_2
udc
_c
BK
999
_c
60528
_d
60528